000 00936nam a2200241Ia 4500
001 1573
003 GE_BSU
008 181216s||||||||xx |||||||||||||| ||und||
020 _a5724502518
040 _cGE_BSU
080 _a667(076)
100 _aКорякина,М.И.
245 _aЛабораторный практикум по техническому анализу и контролю производств лакокрасочных материалов и покрытии
245 _bУчеб. пособие.
250 _aИзд 2-ое, перераб. и доп.
260 _aМ.
260 _bХимия.
260 _c1989.
300 _a205стр.20см.
541 _h8л.
653 _aЛабораторный практикум по техническому анализу и контролю производств лакокрасочных материалов и покрытии.
942 _cBK
999 _c35700
_d35700